| 000 | 00521nam a2200169Ia 4500 | ||
|---|---|---|---|
| 003 | IN-BaIIA | ||
| 008 | 211028s9999 xx 000 0 eng d | ||
| 040 | _cIIA Library | ||
| 080 |
_a(058):910.4(540) _bOOM |
||
| 100 |
_aOomman, Priyan C. _916892 |
||
| 245 | 0 |
_aGlobal's tourism directory of India _cPriyan C. Oomman |
|
| 260 |
_aTrivandrum _bGlobal Communications _c1989 |
||
| 300 | _a530p. | ||
| 650 |
_aIndia-tourism _916893 |
||
| 650 |
_aTourism directory _916894 |
||
| 942 | _cBK | ||
| 999 |
_c9953 _d9953 |
||